| 000 | 00595nam a2200169 a 4500 | ||
|---|---|---|---|
| 008 | 120416s1972 ||||||||||||||||| || u | ||
| 020 | _a0876203969 | ||
| 050 | _aHM 26 Hum | ||
| 100 | _aGlass, John F | ||
| 245 | 1 | 0 |
_aHumanistic society: today's challege to sociology _cedited by John F. Glass |
| 260 |
_aPacific Palisades, Calif. _bGoodyear _c1972 |
||
| 300 | _axx, 411p. | ||
| 350 | _a0.00 | ||
| 650 | 0 | _aSOCIOLOGY | |
| 700 | _aStaude, John R | ||
| 995 |
_D0.00 _FCBU-MAIN LIBRARY (Kitwe) _H1 _I3.20 _M1 _UDAMAGED _ZMain Library Open Access Collection |
||
| 999 |
_c46022 _d46022 |
||